|
|
|
|
| LEADER |
00000nam1a2200000 4500 |
| 001 |
117260 |
| 005 |
20231101215404.0 |
| 020 |
|
|
|a RU
|b 84-28108
|
| 035 |
|
|
|a (RuTPU)RU\TPU\book\126923
|
| 090 |
|
|
|a 117260
|
| 100 |
|
|
|a 20070601d1984 m y0rusy5003 ca
|
| 101 |
1 |
|
|a rus
|c eng
|
| 200 |
1 |
|
|a Ярмарка тщеславия
|e Роман без героя. В 2-х частях
|h Ч. 2
|f У. М. Теккерей
|g пер. с англ. М. А. Дьяконов; авт. послесл. М. Лорие и М. Черневич
|
| 210 |
|
|
|a Москва
|c Правда
|d 1984
|
| 215 |
|
|
|d 21 см
|a 480 с.
|c ил.
|
| 610 |
1 |
|
|a Англия
|
| 610 |
1 |
|
|a 19 век
|
| 610 |
1 |
|
|a буржуазия
|
| 675 |
|
|
|a 82
|z rus
|v 3
|
| 700 |
|
1 |
|a Теккерей
|b У. М.
|c английский писатель
|f 1811-1863
|g Уильям Мейкпис
|2 stltpush
|3 (RuTPU)RU\TPU\pers\9285
|9 1840
|
| 702 |
|
1 |
|a Дьяконов
|b М. А.
|4 730
|
| 702 |
|
1 |
|a Лорие
|b М.
|4 075
|
| 702 |
|
1 |
|a Черневич
|b М.
|4 075
|
| 801 |
|
0 |
|a RU
|b RuMRKP
|c 19950704
|g psbo
|
| 801 |
|
1 |
|a RU
|b 63413507
|c 20070601
|g PSBO
|
| 801 |
|
2 |
|a RU
|b 63413507
|c 20070824
|g PSBO
|
| 942 |
|
|
|c BK
|